|
|
|
|
| LEADER |
00000nab a2200000 a 4500 |
| 001 |
vtls010175486 |
| 003 |
SK-MaSNL |
| 005 |
20260303091913.0 |
| 008 |
140301c2010 xo ||||||||||||00 b|slo |
| 015 |
|
|
|a SNBRB2010/10
|2 snkbucl
|
| 038 |
|
|
|a SNKBUCL
|
| 040 |
|
|
|a SNKBUCL
|b slo
|c SNKBUCL
|e AACR2
|
| 041 |
0 |
|
|a slo
|
| 044 |
|
|
|a xo
|c SK
|
| 080 |
|
|
|a 791.221.2
|x (73)
|2 2001
|
| 100 |
1 |
|
|a Starinský, Ondrej,
|d 1980-
|4 aut
|9 1100704
|
| 245 |
1 |
0 |
|a Najhorší človek na svete
|c Ondrej Starinský
|
| 300 |
|
|
|b Fotogr.
|
| 500 |
|
|
|a Réžia:Woody Allen
|
| 600 |
1 |
7 |
|a Allen, Woody,
|d 1935-
|2 snkbucl
|9 193223
|
| 630 |
0 |
7 |
|a Užívaj si, ako sa len dá! (film)
|2 snkbucl
|9 1100705
|
| 773 |
0 |
|
|t Film.sk
|g Roč. 11, č. 9 (2010)
|x 1335-8286
|
| 773 |
0 |
8 |
|t Projekt 100-2010
|g Roč. 11, č. 9 (2010), s. 32-35
|x 1335-8286
|
| 852 |
|
|
|a SNK
|b KIS3GCP
|
| 856 |
4 |
1 |
|u http://www.filmsk.sk/show_content_issue.php?issueno=100/09/2010&archive=1
|
| 958 |
|
|
|a US
|
| 999 |
|
|
|c 1809821
|d 1811751
|